[Event "Metz (Women) 4th"]
[Site "Metz"]
[Date "2018.07.24"]
[Round "2"]
[White "Muetsch, Annmarie"]
[Black "Moskalets, Svetlana"]
[Result "1/2-1/2"]
[WhiteElo "2146"]
[BlackElo "2208"]
[PlyCount "69"]
[EventDate "2018.07.23"]
[EventType "tourn"]
[EventRounds "9"]
[EventCountry "FRA"]
[SourceTitle "CBM 185 Extra"]
[Source "ChessBase"]
[SourceDate "2018.07.29"]
[SourceVersion "1"]
[SourceVersionDate "2018.07.29"]
[SourceQuality "1"]

1. e4 c5 2. Nf3 Nc6 3. Bb5 g6 4. Bxc6 dxc6 5. d3 Bg7 6. h3 Nh6 7. Nc3 f6 8. a4 a5 9. Be3 b6 10. Nd2 0-0 11. Nc4 Be6 12. f4 Bxc4 13. dxc4 e5 14. 0-0 Nf7 15. f5 Qxd1 16. Raxd1 Rfd8 17. b3 Kf8 18. g4 Ke7 19. Kg2 Bh6 20. Bf2 Bd2 21. Nb1 Bf4 22. h4 gxf5 23. gxf5 h5 24. Rxd8 Rxd8 25. Kf3 Nh6 26. Ke2 Ng4 27. Bg1 Kf7 28. c3 Bh2 29. Bxh2 Nxh2 30. Rh1 Ng4 31. Rg1 Rd7 32. Na3 Rd8 33. Rb1 Ke7 34. Rg1 Kf7 35. Rb1 1/2-1/2

[Event "Sharjah Cup (Women) 8th"]
[Site "Sharjah"]
[Date "2017.12.18"]
[Round "6"]
[White "Al Kalbani, Wadima"]
[Black "Moskalets, Svetlana"]
[Result "0-1"]
[WhiteElo "1678"]
[BlackElo "2176"]
[PlyCount "64"]
[EventDate "2017.12.15"]
[EventType "swiss"]
[EventRounds "9"]
[EventCountry "UAE"]
[SourceTitle "CBM 182 Extra"]
[Source "ChessBase"]
[SourceDate "2018.02.23"]
[SourceVersion "1"]
[SourceVersionDate "2018.02.23"]
[SourceQuality "1"]

1. e4 c5 2. Nf3 Nc6 3. Nc3 e6 4. d4 cxd4 5. Nxd4 Nf6 6. Be2 Bb4 7. Qd3 d5 8. exd5 Nxd5 9. Nxc6 bxc6 10. 0-0 Nxc3 11. bxc3 Qxd3 12. Bxd3 Bxc3 13. Rb1 0-0 14. Be4 Ba6 15. Rd1 Bc4 16. Bb2 Bxb2 17. Rxb2 Bd5 18. Bxd5 cxd5 19. Rb7 Rfc8 20. Rdb1 g5 21. R1b2 a5 22. Kf1 a4 23. a3 Rc3 24. Ra2 Rac8 25. Rb4 R8c4 26. Rbb2 Re4 27. Rb1 Kg7 28. Rb5 Kf6 29. Rb7 Rcc4 30. Rab2 Rcd4 31. Rb1 Rd2 32. R7b4 Ree2 0-1

[Event "Lubny Rudenko Memorial (Women)"]
[Site "Lubny"]
[Date "2009.08.11"]
[Round "10"]
[White "Kalinina, Marianna"]
[Black "Moskalets, Svetlana"]
[Result "1-0"]
[WhiteElo "1971"]
[BlackElo "2186"]
[PlyCount "75"]
[EventDate "2009.08.05"]
[EventType "tourn"]
[EventRounds "11"]
[EventCountry "UKR"]
[SourceTitle "EXT 2010"]
[Source "ChessBase"]
[SourceDate "2010.11.25"]
[SourceVersion "1"]
[SourceVersionDate "2010.11.25"]
[SourceQuality "1"]

1. e4 c5 2. Nf3 e6 3. d4 cxd4 4. Nxd4 a6 5. Bd3 Qb6 6. Nb3 Qc7 7. 0-0 Nf6 8. Nc3 d6 9. Qe2 Nbd7 10. f4 b5 11. Kh1 Bb7 12. Bd2 Nc5 13. e5 Nfd7 14. Rae1 Nxd3 15. cxd3 g6 16. d4 d5 17. Rc1 Qd8 18. Nd1 a5 19. Nf2 b4 20. Nd3 Ba6 21. Rf3 Nb6 22. Nbc5 Bxc5 23. dxc5 Nc8 24. Qd1 0-0 25. Nf2 Ne7 26. a3 bxa3 27. Rxa3 Bb7 28. Qe1 d4 29. Ng4 Kg7 30. Nf6 Ng8 31. c6 Bc8 32. Rxa5 Ba6 33. c7 Qc8 34. Bb4 Nxf6 35. exf6+ Kg8 36. Qh4 Bb7 37. Qh6 Bxg2+ 38. Kg1 1-0

[Event "Lubny Rudenko Memorial (Women)"]
[Site "Lubny"]
[Date "2009.08.10"]
[Round "7"]
[White "Moskalets, Svetlana"]
[Black "Lobintseva, Larisa"]
[Result "1-0"]
[WhiteElo "2186"]
[BlackElo "2012"]
[PlyCount "61"]
[EventDate "2009.08.05"]
[EventType "tourn"]
[EventRounds "11"]
[EventCountry "UKR"]
[SourceTitle "EXT 2010"]
[Source "ChessBase"]
[SourceDate "2010.11.25"]
[SourceVersion "1"]
[SourceVersionDate "2010.11.25"]
[SourceQuality "1"]

1. e4 c5 2. Nf3 e6 3. d4 cxd4 4. Nxd4 Nf6 5. Bd3 Nc6 6. Nxc6 dxc6 7. Nd2 e5 8. Nc4 Qc7 9. 0-0 Be6 10. Qe2 Bc5 11. Kh1 h6 12. f4 exf4 13. Bxf4 Qe7 14. Rae1 Ng4 15. e5 g5 16. Nd6+ Bxd6 17. exd6 Qd7 18. Qxg4 0-0-0 19. Rxe6 fxe6 20. Bc4 Rde8 21. Bg3 Rhf8 22. Rxf8 Rxf8 23. h3 Rf5 24. Qd4 b5 25. Bd3 Rf8 26. a4 a6 27. Qb6 Qb7 28. d7+ Kxd7 29. Qxb7+ Ke8 30. Bg6+ Kd8 31. Qc7# 1-0

[Event "UKR Games (Women) 3rd"]
[Site "Evpatoria"]
[Date "2007.05.23"]
[Round "4"]
[White "Moskalets, Svetlana"]
[Black "Kononenko, Tatiana"]
[Result "1/2-1/2"]
[WhiteElo "2188"]
[BlackElo "2382"]
[PlyCount "73"]
[EventDate "2007.05.21"]
[EventType "team"]
[EventRounds "7"]
[EventCountry "UKR"]
[SourceTitle "CBM 118 Extra"]
[Source "ChessBase"]
[SourceDate "2007.07.04"]
[SourceVersion "1"]
[SourceVersionDate "2007.07.04"]
[SourceQuality "1"]

1. e4 e6 2. d4 d5 3. Nd2 c5 4. Ngf3 cxd4 5. Nxd4 Nf6 6. exd5 Qxd5 7. N2f3 a6 8. Bd3 Nc6 9. Nxc6 Qxc6 10. 0-0 Bd6 11. Qe2 Qc7 12. h3 0-0 13. Rd1 h6 14. Nd2 Nd5 15. Nc4 Bh2+ 16. Kh1 b5 17. Na5 Bd6 18. Bd2 Bd7 19. c4 Nf4 20. Bxf4 Bxf4 21. cxb5 Bxb5 22. Nb3 Bxd3 23. Rxd3 a5 24. Rc3 Qb6 25. Nc5 Rfd8 26. Nd3 Bg5 27. Rb1 Bf6 28. Rc2 Qd4 29. Ne1 Rab8 30. Nf3 Qd5 31. b3 Qd6 32. Rd2 Qa3 33. Rbd1 Rxd2 34. Rxd2 a4 35. bxa4 Qxa4 36. g3 Rc8 37. Kg2 1/2-1/2

[Event "UKR-ch sf (Women)"]
[Site "Evpatoria"]
[Date "2007.05.04"]
[Round "5"]
[White "Cherednichenko, Elena"]
[Black "Moskalets, Svetlana"]
[Result "1/2-1/2"]
[WhiteElo "2091"]
[BlackElo "2188"]
[PlyCount "176"]
[EventDate "2007.04.30"]
[EventType "swiss"]
[EventRounds "9"]
[EventCountry "UKR"]
[SourceTitle "EXT 2008"]
[Source "ChessBase"]
[SourceDate "2007.11.25"]
[SourceVersion "1"]
[SourceVersionDate "2007.11.25"]
[SourceQuality "1"]

1. d4 f5 2. Nc3 d5 3. Bf4 c6 4. e3 Nf6 5. Bd3 e6 6. Nce2 Qb6 7. Qc1 Nbd7 8. Nf3 Be7 9. 0-0 0-0 10. c4 Ne4 11. Ne5 Qd8 12. f3 Nxe5 13. Bxe5 Nd6 14. Bxd6 Bxd6 15. c5 Bc7 16. f4 Rf6 17. Nc3 Rh6 18. Qc2 Qf6 19. b4 g5 20. Qf2 b6 21. g3 Rg6 22. Be2 gxf4 23. exf4 Rg7 24. Rfb1 h5 25. Kh1 a5 26. Bxh5 axb4 27. cxb6 Bd6 28. Ne2 Qd8 29. Nc1 Qxb6 30. Nd3 Ra5 31. Rc1 Ra3 32. Nc5 Qa7 33. Nb3 Bb7 34. Be8 Qa8 35. Bh5 Rh7 36. Bf3 Kf7 37. Re1 Rh6 38. Bd1 Ba6 39. Nd2 Bd3 40. Bb3 Qh8 41. Rac1 Ra6 42. Kg1 Rg6 43. Re3 Bb5 44. Kh1 Qxd4 45. Nf3 Qa7 46. Qe1 Qd7 47. Ng5+ Ke7 48. Nf3 Ba4 49. Nd4 Kf7 50. Bxa4 Rxa4 51. Nxc6 Rxa2 52. Nxb4 Bxb4 53. Qxb4 Rh6 54. h4 d4 55. Re5 d3 56. Rec5 d2 57. Rd1 Rh8 58. Qc3 Qb7+ 59. Kh2 Qb2 60. Rc7+ Kg6 61. Rg7+ Kh6 62. Qxb2 Rxb2 63. Rd7 Rhb8 64. R1xd2 Kg6 65. Kg2 Kf6 66. Rxb2 Rxb2+ 67. Kf3 Rb3+ 68. Kf2 Rb2+ 69. Ke3 Rg2 70. Kf3 Rh2 71. Rd6 Ke7 72. Rd3 Kf6 73. Re3 Kf7 74. Re2 Rh1 75. Kg2 Ra1 76. Kf2 Kf6 77. Kf3 Kf7 78. Re3 Ra2 79. g4 fxg4+ 80. Kxg4 Kf6 81. Rb3 Rg2+ 82. Kf3 Rh2 83. Kg3 Rh1 84. Ra3 Rg1+ 85. Kf3 Rh1 86. Kg4 Rg1+ 87. Rg3 Rxg3+ 88. Kxg3 e5 1/2-1/2

[Event "UKR-ch U20 Girls"]
[Site "Lvov"]
[Date "2007.02.04"]
[Round "3"]
[White "Moskalets, Svetlana"]
[Black "Maiko, Alina"]
[Result "1-0"]
[WhiteElo "2194"]
[BlackElo "2075"]
[PlyCount "61"]
[EventDate "2007.02.02"]
[EventType "tourn"]
[EventRounds "11"]
[EventCountry "UKR"]
[SourceTitle "CBM 116 Extra"]
[Source "ChessBase"]
[SourceDate "2007.03.07"]
[SourceVersion "1"]
[SourceVersionDate "2007.03.07"]
[SourceQuality "1"]

1. e4 e6 2. d4 d5 3. Nd2 Nc6 4. Ngf3 Nf6 5. e5 Nd7 6. c3 f6 7. Bb5 fxe5 8. dxe5 a6 9. Bxc6 bxc6 10. 0-0 c5 11. Qa4 a5 12. Qg4 Ra6 13. Re1 Qe7 14. Nf1 Qf7 15. Ng5 Qg6 16. h4 h5 17. Qa4 Be7 18. Ng3 Bb7 19. Ne2 Qf5 20. Ng3 Qg6 21. Qd1 Rb6 22. b3 Ba6 23. Nf3 c4 24. Bg5 Ba3 25. Rb1 Nc5 26. Be3 cxb3 27. axb3 Rb7 28. b4 axb4 29. Bxc5 Kd7 30. cxb4 Bb5 31. Nd4 1-0

[Event "UKR-ch sf U20 Girls"]
[Site "Lvov"]
[Date "2006.12.24"]
[Round "9"]
[White "Moskalets, Svetlana"]
[Black "Maiko, Alina"]
[Result "1-0"]
[WhiteElo "2173"]
[BlackElo "2075"]
[PlyCount "64"]
[EventDate "2006.12.16"]
[EventType "swiss"]
[EventRounds "9"]
[EventCountry "UKR"]
[SourceTitle "EXT 2023"]
[Source "ChessBase"]
[SourceDate "2022.10.05"]
[SourceVersion "1"]
[SourceVersionDate "2022.10.05"]
[SourceQuality "1"]

1. e4 e6 2. d4 d5 3. Nd2 Nc6 4. Ngf3 Nf6 5. e5 Nd7 6. c3 f6 7. Bb5 fxe5 8. dxe5 a6 9. Bxc6 bxc6 10. 0-0 c5 11. Qa4 a5 12. Nb3 c6 13. Qg4 Qe7 14. Bg5 Qf7 15. Rfe1 h6 16. Bf4 Be7 17. h4 a4 18. Nc1 Ba6 19. h5 0-0-0 20. Bg3 Nb6 21. Nh4 Bxh4 22. Bxh4 Rdf8 23. b4 Rhg8 24. bxc5 Nc4 25. Ne2 Nxe5 26. Qxa4 Qb7 27. Nd4 Nd3 28. Rxe6 Bb5 29. Nxb5 cxb5 30. Qg4 Rf4 31. Re8+ Kc7 32. Re7+ Kb8 1-0

[Event "UKR-ch sf U20 Girls"]
[Site "Lvov"]
[Date "2006.12.18"]
[Round "3"]
[White "Andrenko, Irina"]
[Black "Moskalets, Svetlana"]
[Result "1/2-1/2"]
[WhiteElo "2004"]
[BlackElo "2173"]
[PlyCount "74"]
[EventDate "2006.12.16"]
[EventType "swiss"]
[EventRounds "9"]
[EventCountry "UKR"]
[SourceTitle "EXT 2023"]
[Source "ChessBase"]
[SourceDate "2022.10.05"]
[SourceVersion "1"]
[SourceVersionDate "2022.10.05"]
[SourceQuality "1"]

1. e4 c5 2. Nc3 Nc6 3. d3 g6 4. Be3 d6 5. Qd2 Bg7 6. g3 Rb8 7. Bg2 b5 8. Nge2 b4 9. Nd1 Nd4 10. c3 Nxe2 11. Qxe2 Ba6 12. c4 Bb7 13. Qd2 h6 14. d4 Nf6 15. f3 Nd7 16. d5 Ba6 17. Rc1 b3 18. a3 Ne5 19. Qe2 Qa5+ 20. Kf2 Qa4 21. Bf1 0-0 22. Kg2 Nd7 23. Bf2 Nb6 24. Ne3 Qd7 25. h4 e6 26. Qd2 exd5 27. exd5 Na4 28. Rb1 Qd8 29. h5 Bc8 30. Bd3 Qf6 31. Nd1 g5 32. g4 Qd8 33. Ne3 Be5 34. Bg3 Bd4 35. Rhe1 Qf6 36. Nd1 Qd8 37. Bf2 Be5 1/2-1/2